000 00417nam a22001697a 4500
003 NUST - PNEC
005 20170116180905.0
008 150902b xxu||||| |||| 00| 0 eng d
020 _a1853128139
040 _cLIBRARY
082 _a620.106 RAH
100 _96575
_a Rahman,M
245 _aAdvances in fluid mechanics III
_cM.Rahman
260 _cc 2000
650 _96576
_aFluid mechanics
_xME
942 _2ddc
_cBK
999 _c65064
_d65064